[Event "Skakligaen 2022-23"]
[Site "Denmark"]
[Date "2023.03.26"]
[Round "9.3"]
[White "Rostgaard, Tobias Valentin"]
[Black "Christensen, Jan Schleicher"]
[Result "1-0"]
[WhiteElo "2323"]
[BlackElo "2167"]
[PlyCount "63"]
[EventDate "2022.10.29"]
[EventType "team-tourn"]
[EventRounds "9"]
[EventCountry "DEN"]
[SourceTitle "Live v. Kasper Jerwiarz"]
[WhiteTeam "BMS"]
[BlackTeam "Nordre"]

1. d4 d5 2. Nf3 Nf6 3. e3 e6 4. Bd3 Be7 5. Ne5 O-O 6. f4 c5 7. c3 b6 8. Qf3 Qc7
9. Nd2 Ba6 10. Bxa6 Nxa6 11. O-O Rac8 12. Qh3 b5 13. a3 Nb8 14. Ndf3 Ne4 15. f5
exf5 16. Qxf5 g6 17. Qh3 f5 18. Bd2 Nc6 19. Be1 Bf6 20. Nd3 c4 21. Nf4 Qd6 22.
Bh4 Rce8 23. Bxf6 Nxf6 24. Ng5 Re7 25. Rf3 Rfe8 26. Raf1 Nd8 27. Rg3 Rg7 28.
Qh6 Ng4 29. Rxg4 fxg4 30. Nh5 gxh5 31. Qxd6 Rxg5 32. Qd7 1-0

[Event "Skakligaen 2022-23"]
[Site "Denmark"]
[Date "2023.03.26"]
[Round "9.4"]
[White "Andersen, Thomas Klitgaard"]
[Black "Kistrup, Nicolai"]
[Result "0-1"]
[WhiteElo "2137"]
[BlackElo "2274"]
[PlyCount "84"]
[EventDate "2022.10.29"]
[EventType "team-tourn"]
[EventRounds "9"]
[EventCountry "DEN"]
[SourceTitle "Live v. Kasper Jerwiarz"]
[WhiteTeam "Nordre"]
[BlackTeam "BMS"]

1. d4 Nf6 2. Bg5 d5 3. Bxf6 gxf6 4. e3 e5 5. Nc3 Be6 6. Qh5 Nd7 7. Nf3 e4 8.
Nd2 f5 9. g3 c6 10. Bh3 Nf6 11. Qd1 Bd6 12. Ne2 h5 13. Nf4 Qb6 14. Nb3 a5 15.
a4 Bb4+ 16. c3 Bd6 17. Qc2 Ke7 18. Nd2 h4 19. O-O-O Qa7 20. f3 b5 21. Rdg1 Rag8
22. fxe4 fxe4 23. Nxe6 hxg3 24. hxg3 fxe6 25. g4 Rg5 26. Qd1 b4 27. c4 c5 28.
cxd5 cxd4 29. Nb3 d3 30. Nd4 Qc5+ 31. Kb1 Qxd5 32. Qd2 Bc5 33. Qf2 Bxd4 34.
exd4 Qb3 35. Rc1 Nd5 36. Qd2 e3 37. Qh2 e5 38. Qg2 Rb8 39. Qe4 Nc3+ 40. Rxc3
bxc3 41. Qh7+ Ke8 42. Qh8+ Qg8 0-1

[Event "Skakligaen 2022-23"]
[Site "Denmark"]
[Date "2023.03.26"]
[Round "9.5"]
[White "Jacobsen, Mikkel Manosri"]
[Black "Abildlund, Jens"]
[Result "1-0"]
[WhiteElo "2267"]
[BlackElo "2183"]
[PlyCount "91"]
[EventDate "2022.10.29"]
[EventType "team-tourn"]
[EventRounds "9"]
[EventCountry "DEN"]
[SourceTitle "Live v. Kasper Jerwiarz"]
[WhiteTeam "BMS"]
[BlackTeam "Nordre"]

1. d4 f5 2. Nf3 Nf6 3. Bf4 e6 4. e3 d6 5. h3 g6 6. Bd3 Bg7 7. Nc3 Nc6 8. e4
fxe4 9. Nxe4 Nxe4 10. Bxe4 O-O 11. Bg5 Qe8 12. c3 Qf7 13. Bc2 Bd7 14. h4 h6 15.
Be3 Ne7 16. Qd2 Bc6 17. Rh3 Nf5 18. Bxf5 exf5 19. Bxh6 Bxf3 20. gxf3 Qe6+ 21.
Qe3 Rae8 22. Bxg7 f4 23. Qxe6+ Rxe6+ 24. Kd2 Kxg7 25. Rg1 Kh6 26. Rh2 Rf5 27.
Rg4 Ref6 28. Rh1 Re6 29. Kd3 d5 30. a4 a5 31. b4 axb4 32. cxb4 Ra6 33. a5 b6
34. Ra1 Rf6 35. Rg5 Rf5 36. Rxf5 gxf5 37. Kc3 Kh5 38. Kb3 Kxh4 39. Ka4 c6 40.
Rg1 b5+ 41. Kb3 Ra7 42. Kc3 Kh5 43. Kd2 Rc7 44. Rg8 Kh6 45. Ra8 Kg7 46. a6 1-0

[Event "Skakligaen 2022-23"]
[Site "Denmark"]
[Date "2023.03.26"]
[Round "9.6"]
[White "Hoiberg, Nina"]
[Black "Seegert, Kristian"]
[Result "1/2-1/2"]
[WhiteElo "2144"]
[BlackElo "2211"]
[PlyCount "59"]
[EventDate "2022.10.29"]
[EventType "team-tourn"]
[EventRounds "9"]
[EventCountry "DEN"]
[SourceTitle "Live v. Kasper Jerwiarz"]
[WhiteTeam "Nordre"]
[BlackTeam "BMS"]

1. e4 e5 2. Nf3 Nc6 3. d4 exd4 4. Bc4 Nf6 5. e5 d5 6. Bb5 Ne4 7. Nxd4 Bd7 8.
Bxc6 bxc6 9. O-O Bc5 10. f3 Ng5 11. f4 Ne4 12. Be3 Qb8 13. Nc3 Qxb2 14. Na4 Qa3
15. c3 Nxc3 16. Nxc3 Qxc3 17. Bf2 O-O 18. Rc1 Qa3 19. Nxc6 Bxf2+ 20. Rxf2 Rfe8
21. Qd2 Re6 22. Rf3 Qa4 23. Nd4 Rb6 24. Nb3 Bf5 25. Rfc3 c6 26. Nd4 Bd7 27. Nb3
Bf5 28. Nd4 Bd7 29. Nb3 Bf5 30. Nd4 1/2-1/2

[Event "Skakligaen 2022-23"]
[Site "Denmark"]
[Date "2023.03.26"]
[Round "9.7"]
[White "Haubro, Sigfred"]
[Black "Holst, Per"]
[Result "1/2-1/2"]
[WhiteElo "2215"]
[BlackElo "2075"]
[PlyCount "60"]
[EventDate "2022.10.29"]
[EventType "team-tourn"]
[EventRounds "9"]
[EventCountry "DEN"]
[SourceTitle "Live v. Kasper Jerwiarz"]
[WhiteTeam "BMS"]
[BlackTeam "Nordre"]

1. b3 d5 2. Bb2 Nf6 3. e3 Bg4 4. Nf3 e6 5. Be2 Be7 6. O-O O-O 7. d4 c5 8. Nbd2
Nc6 9. Rc1 Ne4 10. c4 Nxd2 11. Qxd2 cxd4 12. Nxd4 Bxe2 13. Qxe2 Nxd4 14. Bxd4
dxc4 15. Rxc4 Qa5 16. Rfc1 Rfd8 17. h3 e5 18. Bc5 Bf6 19. a4 h6 20. Qf3 b6 21.
Bd6 Qd2 22. Bc7 Re8 23. Rd1 Qb2 24. e4 Re6 25. Qd3 Be7 26. Rb1 Qa2 27. Qd1 Bc5
28. Rc2 Qa3 29. Qd5 Rae8 30. b4 Bd4 1/2-1/2